[Event "II ShakkiNet Int. IM-group"]
[Site "Helsinki"]
[Date "2000.07.15"]
[Round "6"]
[White "Payen, Arnaud"]
[Black "Koskela, Niina"]
[Result "1/2-1/2"]
[WhiteElo "2354"]
[BlackElo "2191"]
[PlyCount "135"]

1. Nf3 Nf6 2. g3 b6 3. Bg2 Bb7 4. O-O e6 5. d3 d5 6. Nbd2 Be7 7. b3 c5 8. Bb2
Nc6 9. e3 Qc7 10. Qe2 a5 11. a4 O-O 12. e4 dxe4 13. dxe4 e5 14. c3 Ba6 15. Nc4
Ne8 16. Qe3 b5 17. axb5 Bxb5 18. Nfd2 Nd6 19. Rfd1 Bxc4 20. bxc4 Nd8 21. Ba3
N8b7 22. Bf1 Ra6 23. Nf3 Bf6 24. Rd5 Rc6 25. Rb1 Re8 26. h4 a4 27. Rdd1 Ra8 28.
Nd2 Rb6 29. Qd3 Nc8 30. Be2 Rxb1 31. Rxb1 Ra6 32. Nf1 Rb6 33. Ne3 Rxb1+ 34.
Qxb1 Qb6 35. Qxb6 Nxb6 36. Nd5 Nc8 37. f3 Ncd6 38. Nb6 Na5 39. Bxc5 Bd8 40.
Nxa4 Ndxc4 41. Kf2 f6 42. Bxc4+ Nxc4 43. Ke2 Kf7 44. Kd3 Na5 45. Bb4 Nc6 46.
Kc4 h5 47. Kd5 Nb8 48. Bd6 Nd7 49. Kc6 Ke6 50. f4 exf4 51. gxf4 f5 52. exf5+
Kxf5 53. Kxd7 Bxh4 54. Nc5 Bg3 55. Ne6 g6 56. c4 h4 57. c5 h3 58. c6 h2 59. c7
h1=Q 60. c8=Q Qd5 61. Ke7 Ke4 62. Qc2+ Ke3 63. Bc5+ Kf3 64. Nd4+ Kxf4 65. Qc1+
Kg4 66. Qd1+ Kh3 67. Qf1+ Kg4 68. Qd1+ 1/2-1/2

[Event "II ShakkiNet Int. IM-group"]
[Site "Helsinki"]
[Date "2000.07.15"]
[Round "6"]
[White "Seeman, Tarvo"]
[Black "Lampen, Timo"]
[Result "1-0"]
[WhiteElo "2398"]
[BlackElo "2308"]
[PlyCount "121"]

1. e4 e6 2. d3 c5 3. Nf3 Nc6 4. g3 g6 5. Bg5 f6 6. Be3 e5 7. Bg2 b6 8. O-O Nge7
9. Qd2 Bg7 10. c3 d5 11. exd5 Nxd5 12. Bh6 O-O 13. Na3 Ba6 14. Bxg7 Kxg7 15.
Rfe1 Re8 16. Rad1 Qd7 17. Nc4 Rad8 18. a4 Re7 19. Qc2 Rde8 20. Nfd2 f5 21. Qb3
Nf6 22. Nf1 Bb7 23. Nfd2 Ba6 24. Nb1 Bb7 25. Nba3 Nd8 26. Bxb7 Nxb7 27. f3 Qc6
28. Rf1 Re6 29. Qb5 Qc7 30. Qa6 R8e7 31. Nb5 Qd8 32. Nxa7 h5 33. Qb5 Qc7 34.
Qb3 h4 35. Nb5 Qb8 36. gxh4 Nh5 37. Ne3 Nf4 38. Qc2 Qh8 39. Ng2 Nh3+ 40. Kh1 g5
41. d4 e4 42. d5 Re5 43. d6 Rf7 44. fxe4 Rxe4 45. d7 Qd8 46. Qd3 g4 47. Qd5
Ree7 48. Rxf5 Nf2+ 49. Rxf2 Rxf2 50. Qxb7 Ref7 51. Rg1 Rxd7 52. Qe4 Rdd2 53.
Qxg4+ Kf8 54. h5 Qf6 55. Nc7 Rf1 56. Ne6+ Ke7 57. Nef4 Rxg1+ 58. Kxg1 Qd6 59.
Ne3 Kd8 60. Nc4 Rd1+ 61. Kf2 1-0

[Event "II ShakkiNet Int. IM-group"]
[Site "Helsinki"]
[Date "2000.07.16"]
[Round "7"]
[White "Koskela, Niina"]
[Black "Seeman, Tarvo"]
[Result "0-1"]
[WhiteElo "2191"]
[BlackElo "2398"]
[PlyCount "142"]

1. e4 c5 2. Nc3 e6 3. g3 d5 4. exd5 exd5 5. Bg2 Nf6 6. Nge2 d4 7. Ne4 Nxe4 8.
Bxe4 Nd7 9. d3 Nf6 10. Bg2 Bd6 11. O-O O-O 12. h3 Re8 13. Re1 h6 14. c3 dxc3
15. bxc3 Rb8 16. d4 cxd4 17. Nxd4 Rxe1+ 18. Qxe1 Bd7 19. Be3 Qc7 20. Qd2 Re8
21. Rd1 Bf8 22. Qd3 b6 23. Bf4 Qc8 24. Kh2 Bc5 25. Rd2 Bxd4 26. Qxd4 Bc6 27.
Be5 Bxg2 28. Kxg2 Qc6+ 29. f3 Nh7 30. h4 f6 31. Bd6 Rd8 32. Qd5+ Qxd5 33. Rxd5
Nf8 34. Rd2 Ne6 35. Kf2 Rc8 36. Rd3 Rc4 37. Ke2 h5 38. Re3 Kf7 39. f4 g6 40.
Kd3 Rc6 41. Bb4 Rc7 42. a4 Ng7 43. a5 b5 44. Ke4 Nf5 45. Rd3 Ke6 46. Kf3 Rd7
47. Rxd7 Kxd7 48. g4 hxg4+ 49. Kxg4 Nh6+ 50. Kg3 a6 51. h5 gxh5 52. Kh4 Nf5+
53. Kxh5 Ne3 54. Kg6 Ke6 55. Bc5 Nf5 56. Kh5 Kd5 57. Ba3 Ke6 58. Bc5 Ng3+ 59.
Kg6 f5 60. Bb4 Kd5 61. Kf6 Ke4 62. Ke6 Ne2 63. Kd7 Nxf4 64. Kc6 Nd3 65. Bd6 f4
66. Bxf4 Nxf4 67. Kb6 Kd5 68. Kxa6 Kc6 69. Ka7 Nd5 70. Kb8 Nxc3 71. a6 Nd5 0-1

[Event "II ShakkiNet Int. IM-group"]
[Site "Helsinki"]
[Date "2000.07.16"]
[Round "7"]
[White "Maki-Uuro, Miikka"]
[Black "Payen, Arnaud"]
[Result "1/2-1/2"]
[WhiteElo "2329"]
[BlackElo "2354"]
[PlyCount "157"]

1. d4 d5 2. c4 e6 3. Nf3 Nf6 4. g3 dxc4 5. Bg2 Nc6 6. Qa4 Nd7 7. Qxc4 Nb6 8.
Qd3 e5 9. Be3 exd4 10. Nxd4 Nxd4 11. Bxd4 Bb4+ 12. Nc3 O-O 13. O-O-O Be6 14.
Bxb7 Rb8 15. Bxb6 Qxd3 16. Rxd3 Rxb7 17. Bd4 Bc4 18. Re3 Rd8 19. Rd1 c5 20. Be5
Rxd1+ 21. Kxd1 f6 22. Bf4 g5 23. Bd6 Bxc3 24. Rxc3 Bxa2 25. Bxc5 Rxb2 26. Bxa7
Rb7 27. Bd4 Rd7 28. e3 Kf7 29. Rc6 Be6 30. f4 gxf4 31. gxf4 f5 32. Ke2 Re7 33.
Kf2 Kg6 34. Kg3 Re8 35. Kh4 Re7 36. h3 Re8 37. Rc7 Bf7 38. Rc1 Kh6 39. Be5 Re6
40. Rc7 Kg6 41. Rc1 Kh6 42. Rd1 Be8 43. Rg1 Rg6 44. Rd1 Re6 45. Rd8 Kg6 46. Rc8
Bf7 47. Rc7 Ra6 48. Bc3 Re6 49. Bd4 Rd6 50. Rc1 Kh6 51. Bc5 Rd8 52. Be7 Re8 53.
Rc6+ Kg7 54. Bf6+ Kg6 55. Be7+ Kg7 56. Rc7 Kg6 57. Ra7 Bc4 58. Bc5 Bf7 59. Ra6+
Be6 60. Rb6 h6 61. Rc6 Kh7 62. Rc7+ Kg6 63. Bd4 Bf7 64. Be5 Re6 65. Kg3 Be8 66.
Kh4 Bf7 67. Rc1 Kh7 68. Bd4 Re8 69. Ra1 Re6 70. Ra5 Kg6 71. Kg3 Re8 72. Ra7 Be6
73. Kh4 Bf7 74. e4 Rxe4 75. Be5 Re3 76. Ra6+ Kh7 77. Ra7 Kg6 78. Ra6+ Kh7 79.
Ra7 1/2-1/2

[Event "II ShakkiNet Int. IM-group"]
[Site "Helsinki"]
[Date "2000.07.16"]
[Round "7"]
[White "Kiik, Kalle"]
[Black "Pirttimaki, Timo"]
[Result "1-0"]
[WhiteElo "2442"]
[BlackElo "2267"]
[PlyCount "47"]

1. e4 c5 2. c3 d6 3. d4 Qc7 4. Nf3 Nf6 5. e5 dxe5 6. dxe5 Ng4 7. Bf4 h5 8. h3
Nh6 9. Qd2 Qd7 10. Bd3 a6 11. a4 Qc6 12. Qc2 Bd7 13. Nbd2 g6 14. Be4 Qc7 15.
Bh2 Bc6 16. e6 Bxe4 17. Nxe4 Qc6 18. Neg5 Bg7 19. O-O O-O 20. Rfe1 f5 21. Rad1
b5 22. Nh4 Bf6 23. Nxg6 Bxg5 24. Nxf8 1-0

[Event "II ShakkiNet Int. IM-group"]
[Site "Helsinki"]
[Date "2000.07.17"]
[Round "8"]
[White "Nouro, Mikael"]
[Black "Pirttimaki, Timo"]
[Result "1-0"]
[WhiteElo "2397"]
[BlackElo "2267"]
[PlyCount "41"]

1. e4 c5 2. Nf3 g6 3. d4 cxd4 4. Nxd4 Bg7 5. c4 Qb6 6. Nb3 f5 7. exf5 gxf5 8.
Be2 Nf6 9. Nc3 O-O 10. O-O Nc6 11. Bg5 e6 12. Qd3 Kh8 13. Rad1 Ne8 14. Rfe1 Rg8
15. Bh5 Nf6 16. Qh3 Ng4 17. Bxg4 fxg4 18. Qxg4 Ne5 19. Qh5 Rf8 20. c5 Qc7 21.
Re3 1-0

[Event "II ShakkiNet Int. IM-group"]
[Site "Helsinki"]
[Date "2000.07.17"]
[Round "8"]
[White "Payen, Arnaud"]
[Black "Kiik, Kalle"]
[Result "0-1"]
[WhiteElo "2354"]
[BlackElo "2442"]
[PlyCount "58"]

1. e4 c5 2. Nf3 g6 3. d4 Bg7 4. Nc3 cxd4 5. Nxd4 Nc6 6. Nde2 a6 7. g3 d6 8. Bg2
Nf6 9. O-O O-O 10. a4 e6 11. h3 Qc7 12. Be3 b6 13. f4 Bb7 14. Qd2 Rad8 15. Rad1
Rfe8 16. g4 d5 17. e5 Nd7 18. h4 f6 19. exf6 Nxf6 20. g5 Ng4 21. Bd4 Nxd4 22.
Nxd4 e5 23. fxe5 Bxe5 24. Rf3 Bg7 25. Rh3 Qc5 26. Bf1 Rf8 27. b4 Qxb4 28. Ne6
Nf2 29. Qxf2 Qg4+ 0-1

[Event "II ShakkiNet Int. IM-group"]
[Site "Helsinki"]
[Date "2000.07.17"]
[Round "8"]
[White "Seeman, Tarvo"]
[Black "Maki-Uuro, Miikka"]
[Result "1/2-1/2"]
[WhiteElo "2398"]
[BlackElo "2329"]
[PlyCount "21"]

1. e4 c5 2. d3 Nc6 3. g3 g6 4. Bg2 Bg7 5. f4 d6 6. Nf3 Bg4 7. h3 Bxf3 8. Qxf3
Nf6 9. O-O O-O 10. c3 Rc8 11. Be3 1/2-1/2

[Event "II ShakkiNet Int. IM-group"]
[Site "Helsinki"]
[Date "2000.07.17"]
[Round "8"]
[White "Raaste, Eero"]
[Black "Koskela, Niina"]
[Result "1/2-1/2"]
[WhiteElo "2353"]
[BlackElo "2191"]
[PlyCount "87"]

1. e4 e5 2. Nf3 Nf6 3. Nxe5 d6 4. Nf3 Nxe4 5. d4 d5 6. Bd3 Bd6 7. O-O O-O 8. c4
c6 9. Nc3 Nxc3 10. bxc3 Bg4 11. h3 Bh5 12. Rb1 dxc4 13. Bxc4 b6 14. Re1 Nd7 15.
g4 Bg6 16. Bg5 Qc7 17. Rb2 c5 18. Bd5 Rae8 19. Rbe2 Rxe2 20. Qxe2 Nf6 21. Bxf6
gxf6 22. Nh4 cxd4 23. cxd4 Qc3 24. Qe3 Qxe3 25. fxe3 Rd8 26. Nxg6 hxg6 27. Bb3
Kg7 28. Rc1 Re8 29. Kf2 Rh8 30. Kg2 Re8 31. Kf3 g5 32. Rc3 Bb8 33. Ba4 Rh8 34.
Kg2 Rd8 35. Rc6 Rh8 36. Bb5 Rd8 37. a4 Bd6 38. Kf3 Bb8 39. Rc1 Rh8 40. Kg2 Bd6
41. Ba6 Re8 42. Kf3 Rxe3+ 43. Kxe3 Bf4+ 44. Ke4 1/2-1/2

[Event "II ShakkiNet Int. IM-group"]
[Site "Helsinki"]
[Date "2000.07.17"]
[Round "8"]
[White "Gamback, Bjorn"]
[Black "Lampen, Timo"]
[Result "1/2-1/2"]
[WhiteElo "2235"]
[BlackElo "2308"]
[PlyCount "88"]

1. e4 e6 2. d4 d5 3. Nd2 Nf6 4. e5 Ne4 5. Bd3 Nxd2 6. Bxd2 c5 7. Nf3 cxd4 8.
O-O Nc6 9. Re1 Be7 10. a3 a6 11. b4 Bd7 12. Bc1 f6 13. Bb2 Qb6 14. Qe2 O-O 15.
Rad1 Rf7 16. Bc1 Nxe5 17. Nxe5 fxe5 18. Qxe5 Bf6 19. Qh5 g6 20. Qh6 Bg7 21. Qh4
e5 22. f3 Bf5 23. Kh1 Rc8 24. Bh6 Qf6 25. Bg5 Qe6 26. Bh6 Qf6 27. Bg5 Qc6 28.
Bh6 Re8 29. Bxg7 Rxg7 30. Bxf5 gxf5 31. Qh5 Rf8 32. Rxe5 Qxc2 33. Rg1 Rd7 34.
Qg5+ Rg7 35. Qf4 d3 36. Rxd5 Qb3 37. Qd4 Qxa3 38. Qxd3 Qxb4 39. Rxf5 Rxf5 40.
Qxf5 Qf8 41. Qd5+ Qf7 42. Qd8+ Qf8 43. Qd5+ Qf7 44. Qd8+ Qf8 1/2-1/2

[Event "II ShakkiNet Int. IM-group"]
[Site "Helsinki"]
[Date "2000.07.18"]
[Round "9"]
[White "Maki-Uuro, Miikka"]
[Black "Raaste, Eero"]
[Result "1/2-1/2"]
[WhiteElo "2329"]
[BlackElo "2353"]
[PlyCount "108"]

1. Nf3 Nf6 2. c4 e6 3. g3 b6 4. Bg2 Bb7 5. O-O Be7 6. Nc3 c5 7. Re1 a6 8. e4 d6
9. d4 cxd4 10. Nxd4 Qc7 11. Be3 Nbd7 12. Rc1 Rc8 13. b3 O-O 14. f4 Rfe8 15. Bf2
Bf8 16. h3 Qb8 17. g4 g6 18. Qd2 Qa8 19. g5 Nh5 20. Bf3 Nxf4 21. Qxf4 e5 22.
Qd2 exd4 23. Bxd4 Ne5 24. Bg2 Rc5 25. Nd5 Bxd5 26. exd5 Qd8 27. Bxc5 bxc5 28.
Rc3 Bg7 29. Rg3 a5 30. Rf1 f5 31. gxf6 Bxf6 32. Bf3 Bh4 33. Rg2 Kg7 34. Bg4 Bg5
35. Qe2 Bh4 36. Be6 Rf8 37. Kh1 Rf6 38. Rgg1 Qe7 39. Rxf6 Qxf6 40. Rf1 Qg5 41.
Qe4 Bg3 42. a3 Qd2 43. Qg2 Qd3 44. Rg1 Bh4 45. Qf1 Qxb3 46. Qf4 Be7 47. Re1 Bf6
48. Rc1 Be7 49. Re1 Qxc4 50. Re4 Qc3 51. Rxe5 Qxe5 52. Qf7+ Kh6 53. Qxe7 Qe1+
54. Kg2 Qe2+ 1/2-1/2

[Event "II ShakkiNet Int. IM-group"]
[Site "Helsinki"]
[Date "2000.07.18"]
[Round "9"]
[White "Pirttimaki, Timo"]
[Black "Payen, Arnaud"]
[Result "1-0"]
[WhiteElo "2267"]
[BlackElo "2354"]
[PlyCount "57"]

1. e4 c5 2. Nf3 Nc6 3. d4 cxd4 4. Nxd4 Qb6 5. Nb3 Nf6 6. Nc3 e6 7. Be3 Qc7 8.
a3 a6 9. f4 d6 10. Be2 b5 11. Bf3 Bb7 12. O-O Be7 13. Qe1 h5 14. Kh1 g6 15. Rd1
Rc8 16. Bg1 b4 17. Na4 bxa3 18. bxa3 Nb8 19. Nb6 Rd8 20. Na5 Nfd7 21. Rb1 Bc6
22. c4 Nc5 23. Qc3 Rh7 24. Rfe1 Bd7 25. Bxc5 dxc5 26. Nxd7 Qxd7 27. e5 Qd4 28.
Qc1 Qf2 29. Rd1 1-0